Commedia dell'arte intenzívny projekt Socrates/Erasmus nové prístupy k hereckej tvorbe

Bibliographic Details
Main Author: Lančarič, Patrik (Author)
Format: Article
Language:Slovak
PhysicalDescription:Fotogr.
ISBN:8096919512
Subjects:

MARC

LEADER 00000nab a2200000 ar4500
001 vtls009178917
003 SK-MaSNL
005 20260304215705.0
008 080129|2006 xo ||||||||||||00 ||slo
015 |a SNBRA2008/01  |2 snkbucl 
038 |a SNKBUCL 
040 |a SNKBUCL  |b slo  |c SNKBUCL  |e AACR2 
041 0 |a slo 
044 |a xo  |c SK 
080 |a 792.075  |2 2001 
080 |a 792.09-026.91  |2 2001 
080 |a 792.2  |2 2001 
080 |a 929 Scherhaufer, Peter  |2 2001 
100 1 |a Lančarič, Patrik  |4 aut  |9 792871 
245 1 0 |a Commedia dell'arte  |b intenzívny projekt Socrates/Erasmus nové prístupy k hereckej tvorbe  |c Patrik Lančarič 
300 |b Fotogr. 
504 |a Bibliogr. odkazy 
600 1 7 |a Scherhaufer, Peter,  |d 1942-1999  |2 snkbucl  |9 107156 
610 2 7 |a Janáčkova akademie múzických umění.  |b Divadelní fakulta  |2 snkbucl  |9 163566 
630 0 7 |a Commedia dell'arte (divadelný projekt)  |2 snkbucl  |9 1550646 
648 7 |a 1999  |2 snkbucl  |9 266597 
650 0 7 |a commedia dell'arte  |2 snkbucl  |9 84719 
650 0 7 |a divadelné projekty  |2 snkbucl  |9 647453 
650 0 7 |a pouličné divadlo  |2 snkbucl  |9 58536 
651 7 |a Brno (Česko)  |2 snkbucl  |9 29499 
773 0 |t Peter Scherhaufer - Učiteľ "šašků"  |d Bratislava : NM Code ; Asociácia Corpus, 2006  |g S. 305-309  |z 8096919512 
852 |a SNK  |b KIS3GCP 
958 |a BX 
958 |a NB 
958 |a CZ 
958 |a LX 
999 |c 3147751  |d 3149681